书目信息 |
| 题名: |
产品设计表达
|
|
| 作者: | 谢大康 , 刘振声 编 | |
| 分册: | ||
| 出版信息: | 北京 高等教育出版社 2005.07 |
|
| 页数: | 124页 | |
| 开本: | 29cm | |
| 丛书名: | 银领工程 | |
| 单 册: | ||
| 中图分类: | TB472 | |
| 科图分类: | ||
| 主题词: | 工业产品--gong ye chan pin--造型设计--技法 (美术)--高等教育--教材 | |
| 电子资源: | ||
| ISBN: | 7-04-016983-5 | |
| 000 | 01010nam 2200253 450 | |
| 001 | 012007521185 | |
| 005 | 20070930152734.85 | |
| 010 | @a7-04-016983-5@dCNY21.40 | |
| 100 | @a20070804d2005 km y0chiy0120 ea | |
| 101 | 0 | @achi |
| 102 | @aCN@b110000 | |
| 105 | @aa z 000yy | |
| 200 | 1 | @a产品设计表达@Achan pin she ji biao da@f谢大康, 刘振声编@Fxie da kang,liu zhen sheng bian |
| 210 | @a北京@c高等教育出版社@d2005.07 | |
| 215 | @a124页@c图@d29cm | |
| 225 | 2 | @a银领工程@Ayin ling gong cheng@i高等职业教育技能型紧缺人才培养培训工程系列教材 |
| 330 | @a本书包括了产品设计表达的概述、产品设计中的信息因素、产品设计表达的应用要点、应用图解进行设计思维与设计表达、设计报告版式的编排设计等内容。 | |
| 410 | 0 | @12001 @a银领工程@i高等职业教育技能型紧缺人才培养培训工程系列教材 |
| 606 | 0 | @a工业产品@Agong ye chan pin@x造型设计@x技法 (美术)@x高等教育@j教材 |
| 690 | @aTB472@v4 | |
| 701 | 0 | @a谢大康@Axie da kang@4编 |
| 701 | 0 | @a刘振声@Aliu zhen sheng@4编 |
| 801 | 0 | @aCN@c20070930 |
| 905 | @dTB472@eX433 | |
| 产品设计表达/谢大康, 刘振声编.-北京:高等教育出版社,2005.07 |
| 124页:图;29cm.-(银领工程.高等职业教育技能型紧缺人才培养培训工程系列教材) |
| ISBN 7-04-016983-5:CNY21.40 |
| 本书包括了产品设计表达的概述、产品设计中的信息因素、产品设计表达的应用要点、应用图解进行设计思维与设计表达、设计报告版式的编排设计等内容。 |
| ● |
| 相关链接 |
|
|
|
正题名:产品设计表达
索取号:TB472/X433
 
预约/预借
| 序号 | 登录号 | 条形码 | 馆藏地/架位号 | 状态 | 备注 |
| 1 | 255728 | 202557287 | 自科库501/501自科库 16排4列1层/ [索取号:TB472/X433] | 在馆 | |
| 2 | 255729 | 202557296 | 自科二线504/504自科库 40排1列4层/ [索取号:TB472/X433] | 在馆 | |
| 3 | 255730 | 202557303 | 自科库501/501自科库 16排4列1层/ [索取号:TB472/X433] | 在馆 |